Statistiques concernant Tous les pokémon de Saturne

Cliquez ici pour prendre le quiz!

Statistiques générales

  • Ce quiz a été pris 15 fois
  • Le résultat moyen est 4 sur 8

Statistiques - réponses

HintRéponse% Correct
Archéomire
100%
PlatineNosferalto
100%
Coatox
89%
Diamant & PerleKadabra
56%
Sharpedo
22%
Diamant étincelant
& Perle scintillante
Absol
11%
Ténéfix
11%
Tyranocif
11%

Distribution des résultats

Percentile par nombre de réponses

% des personnes avec chaque résultat

Votre développement - résultats

Vous n’avez pas pris ce quiz